[Event "OS INCLIVEIS"]
[Site "http://www.queenalice.com/game.php?id=1407365"]
[Date "2016.2.2"]
[Round "-"]
[White "adelio"]
[Black "tiagolima"]
[Result "0-1"]
[WhiteElo "1779"]
[BlackElo "1728"]

1. d4 Nf6 2. c4 g6 3. Nc3 Bg7 4. e4 d6 5. Be2 O-O 6. h4 c5 7. e5 dxe5 8. dxe5
Qxd1+ 9. Bxd1 Ng4 10. f4 h5 11. Ne4 b6 12. Nf3 f6 13. Nfg5 fxg5 14. hxg5 Bb7 15.
Bf3 Na6 16. Nf6+ exf6 17. Bxb7 Rae8 18. Bxa6 fxe5 19. O-O e4 20. Rd1 Bd4+ 21.
Rxd4 cxd4 22. Bb7 e3 23. Bd5+ Kg7 24. b4 Rxf4 25. Bb2 e2 26. Bxd4+ Rxd4 27. g3
Rd1+ 28. Rxd1 exd1=Q+ 29. Kg2 Qe2+ 30. Kg1 Qf2+ 31. Kh1 Qh2# 0-1

[Event "Challenge"]
[Site "http://www.queenalice.com/game.php?id=1413803"]
[Date "2016.3.17"]
[Round "-"]
[White "tiagolima"]
[Black "modesto54"]
[Result "1/2-1/2"]
[WhiteElo "1772"]
[BlackElo "1705"]

1. e4 c5 2. Nf3 d6 3. c3 Nf6 4. Be2 Nxe4 5. Qa4+ Nc6 6. Qxe4 e5 7. d4 d5 8. Qe3
e4 9. Nfd2 cxd4 10. cxd4 Bd6 11. O-O Be6 12. f3 Qh4 13. h3 Qg3 14. Nxe4 dxe4 15.
fxe4 Nxd4 16. Qxd4 Qh2+ 17. Kf2 Qg3+ 1/2-1/2

[Event "Challenge"]
[Site "http://www.queenalice.com/game.php?id=1415376"]
[Date "2016.3.28"]
[Round "-"]
[White "tiagolima"]
[Black "modesto54"]
[Result "1-0"]
[WhiteElo "1769"]
[BlackElo "1708"]

1. e4 c5 2. Nf3 d6 3. c3 Nc6 4. d4 Bg4 5. Be2 cxd4 6. cxd4 e5 7. d5 Bxf3 8. Bxf3
Nd4 9. Be3 Nxf3+ 10. Qxf3 Nf6 11. Nd2 Be7 12. O-O O-O 13. Rac1 Qd7 14. Rc2 b6
15. Rc6 Rfc8 16. Rfc1 b5 17. Qf5 Qxf5 18. exf5 Rxc6 19. Rxc6 Nxd5 20. Ne4 Nxe3
21. fxe3 d5 22. f6 gxf6 23. Nxf6+ Bxf6 24. Rxf6 Rd8 25. Rf5 d4 26. exd4 exd4 27.
Kf1 d3 28. Ke1 a6 29. Kd2 Kg7 30. Rg5+ Kf6 31. h4 Re8 32. Kxd3 Re5 33. Rg4 Ke6
34. Rf4 Re1 35. g4 h6 36. Kc3 a5 37. a4 Rc1+ 38. Kb3 Rc5 39. Rf5 bxa4+ 40. Kxa4
Rd5 41. Rxd5 Kxd5 42. Kxa5 Kc6 43. b4 Kb7 44. b5 1-0

[Event "Challenge"]
[Site "http://www.queenalice.com/game.php?id=1423855"]
[Date "2016.5.20"]
[Round "-"]
[White "modesto54"]
[Black "tiagolima"]
[Result "0-1"]
[WhiteElo "1835"]
[BlackElo "1784"]

1. e4 c5 2. d3 Nc6 3. Nd2 g6 4. Ngf3 Bg7 5. g3 e6 6. Bg2 d5 7. O-O Nge7 8. Re1
O-O 9. c3 b5 10. Nf1 dxe4 11. dxe4 Qxd1 12. Rxd1 Rb8 13. Be3 c4 14. Bc5 Re8 15.
Nd4 Nxd4 16. Bxd4 a6 17. Bxg7 Kxg7 18. Rd6 e5 19. Rad1 b4 20. Rxa6 Bxa6 21. Ne3
bxc3 22. bxc3 Rb2 23. Bf1 Rc8 24. Rd7 Ng8 25. Nxc4 Bxc4 0-1

[Event "Challenge"]
[Site "http://www.queenalice.com/game.php?id=1423856"]
[Date "2016.5.20"]
[Round "-"]
[White "tiagolima"]
[Black "modesto54"]
[Result "0-1"]
[WhiteElo "1802"]
[BlackElo "1835"]

1. c4 Nf6 2. Nc3 g6 3. g3 d6 4. Bg2 Bg7 5. e4 O-O 6. d3 c5 7. Nge2 Nc6 8. O-O a6
9. a3 Rb8 10. Rb1 b5 11. cxb5 axb5 12. b4 c4 13. dxc4 bxc4 14. b5 Na5 15. Be3
Nb3 16. Rxb3 cxb3 17. Qxb3 Qa5 18. b6 Nd7 19. Nd5 Re8 20. Nb4 Ra8 21. e5 Qxa3
22. Qxa3 Rxa3 23. b7 Bxb7 24. Bxb7 Rb3 25. Bc6 Rb8 26. e6 Ne5 27. exf7+ Kf8 28.
Bd5 R3xb4 29. Nd4 Nxf7 30. Nc6 R4b5 31. Nxb8 Rxb8 32. f4 Nh6 33. Be6 Nf5 34. Bf2
Bd4 35. g4 Bxf2+ 36. Rxf2 Ne3 37. Rf3 Nc2 38. f5 Nd4 39. Rf4 Ne2+ 0-1

[Event "Challenge"]
[Site "http://www.queenalice.com/game.php?id=1425458"]
[Date "2016.5.30"]
[Round "-"]
[White "tiagolima"]
[Black "Omar"]
[Result "1-0"]
[WhiteElo "1788"]
[BlackElo "1909"]

1. c4 e6 2. g3 a6 3. Bg2 h6 4. Nc3 Nf6 5. d3 Bc5 6. Rb1 Ng4 7. e3 Qf6 8. Qxg4
Nc6 9. Ne4 Qg6 10. Qxg6 Bb4+ 11. Bd2 fxg6 12. a3 Bxd2+ 13. Nxd2 O-O 14. Ngf3 d5
15. cxd5 exd5 16. O-O Rb8 17. Rbc1 Be6 18. Rfe1 Rbc8 19. e4 d4 20. e5 Bd5 21.
Nh4 Bxg2 22. Nxg2 Rfe8 23. Nf3 Rcd8 24. Re4 Rf8 25. Nf4 Rf5 26. Ne6 Rc8 27.
Nfxd4 Rxe5 28. Nxc6 Rxe4 29. dxe4 bxc6 30. Rxc6 a5 31. Nxc7 g5 32. b4 axb4 33.
axb4 h5 34. b5 h4 35. Na6 Rd8 36. b6 h3 37. Kf1 Rd1+ 38. Ke2 Rh1 39. b7 Rxh2 40.
b8=Q+ Kh7 41. Qf8 Rg2 42. Qf5+ g6 43. Qf7+ Kh6 44. Qxg6# 1-0

[Event "Challenge"]
[Site "http://www.queenalice.com/game.php?id=1429860"]
[Date "2016.7.1"]
[Round "-"]
[White "modesto54"]
[Black "tiagolima"]
[Result "1-0"]
[WhiteElo "1895"]
[BlackElo "1809"]

1. e4 c5 2. Nf3 d6 3. d4 cxd4 4. Nxd4 Nf6 5. Nc3 g6 6. Be3 Bg7 7. Bc4 O-O 8. O-O
Nc6 9. f3 e6 10. Qd2 d5 11. exd5 Nxd5 12. Nxc6 bxc6 13. Rfd1 Rb8 14. Rab1 Qa5
15. Nxd5 Qxd2 16. Rxd2 cxd5 17. Be2 a5 18. Bd4 e5 19. Bc3 d4 20. Bxa5 Bf5 21.
Bd3 Rfe8 22. b4 1-0

[Event "Challenge"]
[Site "http://www.queenalice.com/game.php?id=1429861"]
[Date "2016.7.1"]
[Round "-"]
[White "tiagolima"]
[Black "modesto54"]
[Result "1-0"]
[WhiteElo "1813"]
[BlackElo "1911"]

1. e4 c5 2. Nf3 Nc6 3. d4 cxd4 4. Nxd4 Nf6 5. Nc3 e5 6. Nb3 a6 7. Be3 b5 8. Nd5
Bb7 9. Bb6 Qc8 10. Nc7+ Ke7 11. Nxa8 Bxa8 12. Bc5+ Ke8 13. Bxf8 Rxf8 14. f3 Ke7
15. Qd2 Rd8 16. O-O-O Kf8 17. Qd6+ Kg8 18. g4 Ne8 19. Qd2 Nc7 20. h4 d5 21. exd5
Rxd5 22. Qe3 Qd8 23. Be2 Ne6 24. Rxd5 Qxd5 25. Rd1 Ncd4 26. Nxd4 exd4 27. Qb3
Qe5 28. Bf1 Bxf3 29. Qxf3 Qb8 30. c3 dxc3 31. Qxc3 g6 32. Qf6 Qb7 33. h5 Nf8 34.
h6 1-0

[Event "Challenge"]
[Site "http://www.queenalice.com/game.php?id=1430435"]
[Date "2016.7.5"]
[Round "-"]
[White "tiagolima"]
[Black "Omar"]
[Result "1-0"]
[WhiteElo "1834"]
[BlackElo "1792"]

1. e4 e5 2. Nf3 d6 3. d4 exd4 4. Nxd4 Qh4 5. Nc3 Bd7 6. g3 Qd8 7. Be3 a6 8. Qd2
h6 9. O-O-O Nf6 10. h4 Nc6 11. Bc4 Ne5 12. Bb3 c5 13. Nf5 Bxf5 14. exf5 Qc8 15.
Nd5 Ned7 16. Bf4 Nxd5 17. Qxd5 Kd8 18. Rhe1 Nf6 19. Qxf7 Qd7 20. Qe6 Be7 21.
Bxd6 Qxe6 22. Rxe6 Bxd6 23. Rdxd6+ Nd7 24. f6 gxf6 25. Rxf6 Kc7 26. Rg6 Rad8 27.
f4 Rde8 28. f5 Rhf8 29. Rde6 Ne5 30. Rxh6 b5 31. Rh7+ Kc8 32. Rxe8+ Rxe8 33.
Be6+ Kb8 34. Kd2 Ng4 35. Ke2 Nf6 36. Rf7 Nd5 37. Kf3 Nc7 38. Kf4 Nxe6+ 39. fxe6
Rxe6 40. Kg5 Re2 41. h5 Rxc2 42. h6 Rg2 43. g4 Rd2 44. h7 Rd8 45. Kg6 c4 46. Kg7
b4 47. Rf8 Rxf8 48. Kxf8 c3 49. h8=Q c2 50. Qh2+ Kb7 51. Qxc2 Kb6 52. Qf5 Kc6
53. g5 Kb6 54. g6 a5 55. g7 Kc6 56. g8=Q Kd6 57. Qge6+ Kc7 58. Qff7+ Kb8 59.
Qee8# 1-0

[Event "AUTO-ADV-3669"]
[Site "http://www.queenalice.com/game.php?id=1430437"]
[Date "2016.7.5"]
[Round "1"]
[White "tiagolima"]
[Black "Paulsains"]
[Result "1-0"]
[WhiteElo "1833"]
[BlackElo "1925"]

1. c4 e5 2. g3 Nf6 3. Bg2 Bc5 4. Nc3 O-O 5. e3 Nc6 6. Nge2 Re8 7. O-O d6 8. d4
exd4 9. exd4 Bb6 10. Rb1 Bf5 11. Ra1 Rb8 12. a3 Bg4 13. d5 Ne5 14. b3 h6 15. Be3
Bxe3 16. fxe3 Bxe2 17. Qxe2 Neg4 18. Ne4 Nxe4 19. Qxg4 Nd2 20. Rf2 Nxb3 21. Raf1
Rf8 22. Be4 Nc5 23. Bc2 Qe7 24. Qf5 g6 25. Qf4 Qg5 26. Qxg5 hxg5 27. h4 gxh4 28.
gxh4 b5 29. Rg2 Kh7 30. h5 Kh8 31. cxb5 gxh5 32. Rf6 1-0

[Event "AUTO-ADV-3669"]
[Site "http://www.queenalice.com/game.php?id=1430438"]
[Date "2016.7.5"]
[Round "1"]
[White "Paulsains"]
[Black "tiagolima"]
[Result "1-0"]
[WhiteElo "1822"]
[BlackElo "1853"]

1. e4 c5 2. Nf3 d6 3. Bb5+ Bd7 4. Bxd7+ Qxd7 5. O-O Nc6 6. d3 g6 7. Nc3 Bg7 8.
Rb1 a5 9. a3 e6 10. Bd2 Nge7 11. Re1 O-O 12. h3 d5 13. exd5 exd5 14. Bf4 Rad8
15. Ne2 d4 16. Ng3 b5 17. Ne4 c4 18. Nc5 Qd5 19. Ne4 c3 20. bxc3 dxc3 21. Nxc3
Bxc3 22. Re2 Rfe8 23. Rb3 Nd4 24. Rxc3 Nxe2+ 25. Qxe2 Nc6 26. Qd2 b4 27. axb4
Nxb4 28. Bh6 Rc8 29. Rxc8 Rxc8 30. Ne1 Qc5 31. c4 a4 32. Qc3 f6 33. Qxf6 Qc7 34.
Qc3 Qe7 35. Nf3 Kf7 36. Ng5+ Ke8 37. Qh8+ Kd7 38. Qd4+ Kc6 39. Ne4 Rd8 40. Qa1
Ra8 41. Bg5 Qd7 42. Qf6+ Kc7 43. Bf4+ Kc8 44. Qf8+ Qd8 45. Qxb4 Qxd3 46. Nd6+
Kd8 47. Bg5+ Kd7 48. c5 Qd5 49. Ne4 Ke6 50. Bf6 Kf5 51. f3 Kf4 52. Nc3+ 1-0

[Event "AUTO-ADV-3669"]
[Site "http://www.queenalice.com/game.php?id=1430439"]
[Date "2016.7.5"]
[Round "1"]
[White "tiagolima"]
[Black "deathbydixxon"]
[Result "0-1"]
[WhiteElo "1858"]
[BlackElo "1652"]

1. c4 d5 2. cxd5 Qxd5 3. Nc3 Qd8 4. g3 Nc6 5. Bg2 Bd7 6. d4 e6 7. Nf3 Bb4 8. O-O
h6 9. e4 Nf6 10. e5 Nd5 11. Nxd5 exd5 12. a3 Ba5 13. b4 Bb6 14. Bb2 O-O 15. a4
a5 16. b5 Nb4 17. Nd2 c6 18. bxc6 Bxc6 19. Nb3 Qd7 20. Qd2 Bxa4 21. Nc5 Bxc5 22.
dxc5 Bc6 23. Bc3 Rfd8 24. Bxb4 axb4 25. Qxb4 Qe6 26. f4 d4 27. Rxa8 Rxa8 28.
Qxd4 Bxg2 29. Kxg2 Ra2+ 30. Rf2 Rxf2+ 31. Kxf2 Qh3 32. Qd8+ Kh7 33. Qd3+ g6 34.
Kf3 Qxh2 35. f5 Qh5+ 36. Kf4 Qg5+ 37. Ke4 Qxf5+ 38. Kd4 Qd7+ 39. Kc4 Qxd3+ 40.
Kxd3 Kg7 41. Ke4 Kf8 42. Kd5 Ke7 43. Kd4 Ke6 44. Ke4 f6 45. exf6 Kxf6 46. Kd5
Ke7 47. Ke5 h5 48. Kf4 Kf6 49. Ke4 g5 50. Kf3 Ke5 0-1

[Event "AUTO-ADV-3669"]
[Site "http://www.queenalice.com/game.php?id=1430440"]
[Date "2016.7.5"]
[Round "1"]
[White "deathbydixxon"]
[Black "tiagolima"]
[Result "0-1"]
[WhiteElo "1593"]
[BlackElo "1852"]

1. e4 c5 2. c4 Nc6 3. Nf3 g6 4. Nc3 Bg7 5. Bd3 e6 6. O-O Nge7 7. Qe2 O-O 8. a3
a6 9. b4 cxb4 10. axb4 Nxb4 11. Ba3 Nbc6 12. Bxe7 Nxe7 13. e5 d6 14. exd6 Qxd6
15. Rac1 Rd8 16. Bb1 e5 17. Ne4 Qb4 18. h3 Nc6 19. Ba2 Nd4 20. Nxd4 exd4 21. d3
Be6 22. Rb1 Qe7 23. Rb6 Rdc8 24. Rc1 Rc6 25. c5 Rxb6 26. Bxe6 Rxe6 27. Qf3 Rc8
28. Rc4 b6 29. cxb6 Rxc4 30. dxc4 Rxb6 31. c5 Re6 0-1

[Event "AUTO-ADV-3669"]
[Site "http://www.queenalice.com/game.php?id=1430441"]
[Date "2016.7.5"]
[Round "1"]
[White "tiagolima"]
[Black "Canaye"]
[Result "1-0"]
[WhiteElo "1796"]
[BlackElo "1831"]

1. c4 e6 2. Nc3 d5 3. d4 Bb4 4. a3 Bxc3+ 5. bxc3 c5 6. e3 Nc6 7. Nf3 Nf6 8. Bd3
O-O 9. O-O cxd4 10. cxd4 h6 11. cxd5 Nxd5 12. Bb2 Re8 13. e4 Nf4 14. Bc4 a6 15.
d5 exd5 16. exd5 Na5 17. Qd4 Nh5 18. Ba2 Nf6 19. d6 Nc6 20. Qc4 Be6 21. Qd3 Bg4
22. Rfd1 Qb6 23. Bxf6 gxf6 24. Bb1 Rad8 25. Qh7+ Kf8 26. Qxh6+ Kg8 27. Bh7+ Kh8
28. Bg6+ Kg8 29. Qh7+ Kf8 30. Qxf7# 1-0

[Event "AUTO-ADV-3669"]
[Site "http://www.queenalice.com/game.php?id=1430442"]
[Date "2016.7.5"]
[Round "1"]
[White "Canaye"]
[Black "tiagolima"]
[Result "0-1"]
[WhiteElo "1836"]
[BlackElo "1836"]

1. d4 Nf6 2. c4 g6 3. Nc3 Bg7 4. e4 d6 5. f3 O-O 6. Bd3 c5 7. d5 e6 8. Nge2 exd5
9. exd5 Re8 10. O-O Nbd7 11. h3 Ne5 12. Bf4 Nxd3 13. Qxd3 h5 14. Nb5 a6 15. Nxd6
Re7 16. Nc3 Ne8 17. Nde4 Bf5 18. Qd1 Bd4+ 19. Kh1 Bxe4 20. Nxe4 b5 21. Bg5 f6
22. Bf4 bxc4 23. Qc2 Qxd5 24. Rfd1 g5 25. Bh2 g4 26. Nxf6+ Nxf6 27. Qg6+ Rg7 28.
Qxf6 Rf8 29. Qd6 Qxd6 30. Bxd6 Rf6 31. Bb8 gxf3 32. g3 f2 33. Kg2 h4 34. g4 Bxb2
35. Rab1 Rb7 36. Rd8+ Kh7 37. Rf1 Bd4 38. g5 Rg7 39. Rd5 Re6 40. Rf5 Re1 41. Bd6
c3 42. Bxc5 Rxf1 43. Kxf1 c2 44. Ba3 Rc7 45. Bc1 Re7 46. Rxf2 Bxf2 47. Kxf2 Rd7
48. Ke2 Rd1 49. Bb2 c1=Q 50. Bxc1 Rxc1 51. Kf3 Rc4 52. a4 Rxa4 53. Kg2 Kg6 54.
Kf3 Kxg5 55. Kf2 Ra3 56. Kg2 Kf4 57. Kf2 Ra2+ 58. Ke1 Ke3 59. Kf1 Kf3 60. Ke1
Ke3 61. Kd1 Kd3 62. Ke1 a5 63. Kf1 Ke3 64. Kg1 Kf3 65. Kh1 Kg3 66. Kg1 Ra1# 0-1

[Event "Challenge"]
[Site "http://www.queenalice.com/game.php?id=1442355"]
[Date "2016.9.21"]
[Round "-"]
[White "modesto54"]
[Black "tiagolima"]
[Result "0-1"]
[WhiteElo "1800"]
[BlackElo "1851"]

1. e4 e5 2. d3 Nf6 3. Nd2 Nc6 4. Ngf3 Bc5 5. Be2 d6 6. h3 O-O 7. O-O Be6 8. c3
a5 9. Re1 h6 10. Nb3 a4 11. Nxc5 dxc5 12. Be3 b6 13. Qb1 Qd7 14. b4 axb3 15.
axb3 Rxa1 16. Qxa1 Bxb3 17. c4 Re8 18. Nd2 Bc2 19. Qc3 Ba4 20. Ra1 Nd4 21. Bd1
Bc6 22. f4 exf4 23. Bxf4 Ne6 24. Be5 Nh7 25. Bg4 f6 26. Bg3 Qd4+ 27. Qxd4 cxd4
28. Ra7 Nc5 29. Rxc7 Ba8 30. Be2 f5 31. Bh5 Rf8 32. Bd6 Rd8 33. Bf7+ Kh8 34.
Bxc5 bxc5 35. exf5 Rf8 36. g4 Ng5 37. Be6 Nxh3+ 38. Kf1 Nf4 39. Rxc5 Nxe6 40.
Re5 Nf4 41. Nb3 Nxd3 42. Nxd4 Nxe5 0-1

[Event "Challenge"]
[Site "http://www.queenalice.com/game.php?id=1442356"]
[Date "2016.9.21"]
[Round "-"]
[White "tiagolima"]
[Black "modesto54"]
[Result "1-0"]
[WhiteElo "1833"]
[BlackElo "1872"]

1. e4 c5 2. Nf3 d6 3. d4 cxd4 4. Nxd4 Nf6 5. Nc3 a6 6. Be3 Nc6 7. Qd2 e6 8.
O-O-O Be7 9. Be2 Bd7 10. f3 b5 11. a3 Nxd4 12. Bxd4 e5 13. Be3 Rc8 14. g4 O-O
15. g5 Ne8 16. Rdg1 g6 17. Nd5 Ng7 18. f4 exf4 19. Bxf4 f6 20. Nxe7+ Qxe7 21.
Bxd6 Qxe4 22. Bxf8 Rxf8 23. Qxd7 Qe3+ 24. Qd2 Re8 25. Qxe3 Rxe3 26. gxf6 Rxe2
27. fxg7 Kxg7 28. Re1 Rxe1+ 29. Rxe1 Kh6 30. Re5 g5 31. Re6+ Kh5 32. Rxa6 1-0

[Event "Challenge"]
[Site "http://www.queenalice.com/game.php?id=1443466"]
[Date "2016.9.30"]
[Round "-"]
[White "ArnoBlack"]
[Black "tiagolima"]
[Result "1-0"]
[WhiteElo "1864"]
[BlackElo "1848"]

1. d4 Nf6 2. f3 g6 3. Nc3 Bg7 4. Be3 d6 5. Qd2 O-O 6. h3 Na6 7. Bh6 e5 8. Bxg7
Kxg7 9. e3 Re8 10. O-O-O e4 11. Re1 b6 12. a3 d5 13. Bb5 Bd7 14. Nge2 Bxb5 15.
Nxb5 exf3 16. gxf3 Qd7 17. Qd3 c6 18. Nbc3 Nc7 19. Reg1 Kf8 20. Rg3 Qf5 21. Qxf5
gxf5 22. f4 Ne4 23. Nxe4 fxe4 24. Rhg1 Ke7 25. a4 Na6 26. c3 c5 27. Rg7 Rh8 28.
R1g5 Ke6 29. Ng3 cxd4 30. Re5+ Kd6 31. Nf5+ Kc6 32. Nxd4+ Kc5 33. Nb3+ Kd6 34.
Rxf7 Rhe8 35. Rf6+ Kd7 36. Rxd5+ Kc8 37. Rc6+ Nc7 38. Rg5 Kb7 39. Nd4 Re7 40. b4
Rd8 41. b5 Rd5 42. Rg8 Rh5 43. h4 Rxh4 44. Nf5 1-0

[Event "Challenge"]
[Site "http://www.queenalice.com/game.php?id=1450664"]
[Date "2016.11.17"]
[Round "-"]
[White "smcneil"]
[Black "tiagolima"]
[Result "1-0"]
[WhiteElo "1858"]
[BlackElo "1840"]

1. e4 c5 2. Bc4 Nc6 3. Nf3 e6 4. O-O a6 5. a4 d6 6. c3 Nf6 7. d3 Na5 8. Nbd2
Nxc4 9. Nxc4 Be7 10. a5 O-O 11. Nb6 Rb8 12. h3 Nd7 13. Nxc8 Rxc8 14. b4 cxb4 15.
cxb4 Bf6 16. Rb1 b6 17. Bb2 bxa5 18. bxa5 Qxa5 19. Bxf6 Nxf6 20. Ra1 Qb5 21. Rb1
1-0